A book on C
Αποθηκεύτηκε σε:
| Κύριος συγγραφέας: | |
|---|---|
| Άλλοι συγγραφείς: | |
| Μορφή: | Βιβλίο |
| Γλώσσα: | English |
| Δημοσίευση: |
Houndmills :
MacMillan,
1984
|
| Σειρά: | Macmillan computer science series
|
| Θέματα: | |
| Ετικέτες: |
Προσθήκη ετικέτας
Δεν υπάρχουν, Καταχωρήστε ετικέτα πρώτοι!
|
MARC
| LEADER | 00000nam a2200000 i 4500 | ||
|---|---|---|---|
| 001 | 1/57776 | ||
| 008 | 950217s1984 eng d | ||
| 020 | |a 0333368215 | ||
| 035 | |l 10028252 | ||
| 040 | |a GR-MY-UA |b gre |e aacr | ||
| 041 | 0 | |a eng | |
| 082 | 0 | |a 001.6424 | |
| 100 | 1 | |a Berry, R. E. |q (Robert Edward) |d 1942- | |
| 245 | 1 | 2 | |a A book on C |
| 260 | |a Houndmills : |b MacMillan, |c 1984 | ||
| 300 | |a 200 p. | ||
| 490 | 1 | |a MacMillan computer science series | |
| 650 | 0 | 0 | |a C# (Computer program language) |
| 700 | 1 | |a Meekings, B. A. E. |q (Brian A. E.) | |
| 830 | 0 | |a Macmillan computer science series | |
| 852 | |a INST |b CHIOS |e 19950217 |h 001.6424 BER |p 005200006810 |q 005200006810 |t BK |y 0 | ||
| 909 | |a Χ |b 005300 | ||